000 00427nam a2200157Ia 4500
008 210210b1985 xxu||||| |||| 00| 0 eng d
020 _a0 914826 69 7
082 _a616.01 LENM
100 _aLENNETTE (Edwin H).
245 _aManual of clinical microbiology. Ed.
260 _aWashington.
_bAmerican society for microbiology
_c1985
300 _axvi,1149
650 _aMedical
690 _aMicrobiology
906 _aSG03838
999 _c114587
_d114587